书目信息 |
| 题名: |
美国法律史
|
|
| 作者: | 弗里德曼 , 伯纳德·施瓦茨 著 ;苏彦新 译 | |
| 分册: | ||
| 出版信息: | 北京 法律出版社 2007.11 |
|
| 页数: | 790页 | |
| 开本: | 21cm | |
| 丛书名: | 美国哲学社会科学名著丛书 | |
| 单 册: | ||
| 中图分类: | D971.29 | |
| 科图分类: | ||
| 主题词: | 法律 | |
| 电子资源: | ||
| ISBN: | 978-7-5036-7704-5 | |
| 000 | 01158nam 2200313 450 | |
| 001 | 364442 | |
| 005 | 20091228161913.31 | |
| 010 | @a978-7-5036-7704-5@dCNY49.00 | |
| 100 | @a20080101d2007 em y0chiy0121 ea | |
| 101 | 1 | @achi@ceng |
| 102 | @aCN@b110000 | |
| 105 | @ay z 000yy | |
| 200 | 1 | @a美国法律史@Amei guo fa lv shi@f(美)伯纳德·施瓦茨著@F(mei)bo na de·shi wa ci zhu@g苏彦新 ... [等] 译 |
| 210 | @a北京@c法律出版社@d2007.11 | |
| 215 | @a790页@d21cm | |
| 225 | 2 | @a美国哲学社会科学名著丛书@Amei guo zhe xue she hui ke xue ming zhu cong shu |
| 304 | @a本书译者还有王娟、杨松才、司久贵等 | |
| 312 | @a英文题名取自封面 | |
| 330 | @a本书为美国艺术与自然科学院院士、斯坦福大学法学教授弗里德曼的代表作,曾荣获获美国法学院协会奖,已成为美国大学法学院学生的经典性必读书。 | |
| 410 | 0 | @12001 @a美国哲学社会科学名著丛书 |
| 510 | 1 | @aA history of american law@zeng |
| 606 | 0 | @a法律 |
| 607 | @a美国@Amei guo@x法律史 | |
| 690 | @aD971.29@v4 | |
| 701 | 1 | @a弗里德曼@Afu li de man@b劳伦斯·M.@4著 |
| 701 | 0 | @a伯纳德·施瓦茨@Abo na de·shi wa ci@4著 |
| 702 | 0 | @a苏彦新@Asu yan xin@4译 |
| 801 | 0 | @aCN@c20091228 |
| 905 | @dD971.29@eB915 | |
| 美国法律史/(美)伯纳德·施瓦茨著/苏彦新 ... [等] 译.-北京:法律出版社,2007.11 |
| 790页;21cm.-(美国哲学社会科学名著丛书) |
| ISBN 978-7-5036-7704-5:CNY49.00 |
| 本书为美国艺术与自然科学院院士、斯坦福大学法学教授弗里德曼的代表作,曾荣获获美国法学院协会奖,已成为美国大学法学院学生的经典性必读书。 |
| ● |
| 相关链接 |
|
|
|
正题名:美国法律史
索取号:D971.29/B915
 
预约/预借
| 序号 | 登录号 | 条形码 | 馆藏地/架位号 | 状态 | 备注 |
| 1 | 679597 | 206795976 | 社科库509/509社科库 109排1列3层/ [索取号:D971.29/B915] | 在馆 | |
| 2 | 679598 | 206795985 | 社科库509/509社科库 60排1列4层/ [索取号:D971.29/B915] | 在馆 | |
| 3 | 679599 | 206795994 | 社科库509/509社科库 60排1列4层/ [索取号:D971.29/B915] | 在馆 |